LEADER 01201nam0 22002891i 450 001 UON00474951 005 20231205105223.931 010 $a978-20-213-2704-5 100 $a20170309d2016 |0itac50 ba 101 $afre 102 $aFR 105 $a|||| ||||| 200 1 $aˆLe ‰djihad et la mort$fOlivier Roy 210 $aParis$cÉditions du Seuil$d2016 215 $a166 p.$d19 cm. 606 $aTERRORISMO ISLAMICO$3UONC091225$2FI 620 $aFR$dParis$3UONL002984 676 $a320.557$cIDEOLOGIE D'ISPIRAZIONE RELIGIOSA. IDIOLOGIE ISLAMICHE$v22 700 1$aROY$bOlivier$3UONV015441$0472269 712 $aÉditions du Seuil$3UONV254259$4650 801 $aIT$bSOL$c20240220$gRICA 899 $aSIBA - SISTEMA BIBLIOTECARIO DI ATENEO$2UONSI 912 $aUON00474951 950 $aSIBA - SISTEMA BIBLIOTECARIO DI ATENEO$dSI XI SC POL C 0256 $eSI 21724 5 0256 $sBuono 951 $aSIBA - SISTEMA BIBLIOTECARIO DI ATENEO$bSI2017154 1J 20170309 996 $aDjihad et la mort$91472005 997 $aUNIOR